000 01128nam a2200301 i 4500
003 EG-GICUC
005 20260420095639.0
008 260420s1901 fr |||fr|||| 00| 0 fre d
040 _aEG-GiCUC
_bfre
_cEG-GiCUC
_dEG-GiCUC
_eRda
082 0 4 _221
_a343.101044
_bGA . T
092 0 4 _221
099 _aLaw1 10 343.101044 GA . T 1901
100 1 _aGarraud, R
_eAuteur
245 1 0 _aTraite Théorique Et Pratiqur Du Droit Pénal Français.
_nTome Cinquième /
_cPar R. Garraud.
250 _aDeuxième Édition
_bComplètement Revue Et Considérablement Augmentée
264 1 _aParis :
_bLibrairie De La Société Du Recueil Général Des Lois Et Des Arréts,
_c1901.
264 3 _bImprimerie Contant-laguerre
300 _a717 page ;
_c 24 cm.
336 _2rda contenu
_a texte
337 _2rda medias
_aOrdinateur
338 _2 transporteur rda
_a Ressource en ligne
650 1 _aDroit Pénal Général
_xPhilosoPhie et Theories
_yFrance
_2qrmak
650 1 _aDroit De Pénal
_2qrmak
651 1 _2qrmak
856 4 0 _uhttps://fll.law.cu.edu.eg/fulltext/bks/B10-10060.pdf
905 _a54
942 _2ddc
_cBK
_e21
_n0
999 _c72074
_d72074